Objetivos de INFOCOOP

Zapisane w:
Opis bibliograficzny
Korporacja: Instituto Nacional de Fomento Cooperativo (Costa Rica)
Format: Texto
Język:Spanish
Wydane: s.n.t. :
Etykiety: Dodaj etykietę
Nie ma etykietki, Dołącz pierwszą etykiete!

MARC

LEADER 00000 a a2200000 04500
001 16763
003 cru CIDCACS/IIS
005 20161129140735.0
008 161129b xxu||||| |||| 00| 0 spa d
040 |c CIDCACS/IIS 
090 |a 03.03.04 I59o 
110 |a Instituto Nacional de Fomento Cooperativo (Costa Rica)  
245 |a Objetivos de INFOCOOP  
260 |a s.n.t. :  
300 |a 5 p.  
942 |2 ddc  |c LI 
999 |c 12398  |d 12398